| 000 | 00800nam a22002297a 4500 | ||
|---|---|---|---|
| 999 |
_c12738 _d12738 |
||
| 003 | AR-CdUCM | ||
| 008 | 190410b ||||| |||| 00| 0 spa d | ||
| 040 |
_aMUNICIPALIDAD PROVINCIAL DEL CUSCO _cBIBLIOTECA MUNICIPAL DEL CUSCO |
||
| 082 |
_aEP / 372 / _bF59 |
||
| 100 |
_aFlorens, Andrea _930765 |
||
| 245 |
_aHow the zebra got his Stripes : _bAdapted from an original Bushman Folklore tale / |
||
| 260 |
_aEstados Unidos : _bArt Publishers, |
||
| 300 |
_a34 paginas ; _bIlustraciones, Graficos, Dibujos, _c26 cm. |
||
| 500 | _aTexto educativo para niƱos en el idioma de ingles | ||
| 650 |
_aTexto educativo _925832 |
||
| 650 |
_aHistorias _92725 |
||
| 650 |
_aCuentos _9217 |
||
| 650 |
_aLiteratura _983 |
||
| 700 |
_aNorden, Claire _930766 |
||
| 942 |
_2ddc _cLIBROS |
||
| 945 |
_apjha _d2019-04-10 |
||